000 00627nam a2200229Ia 4500
003 OSt
005 20220928102905.0
006 a|||||r|||| 00| 0
007 ta
008 220927b |||||||| |||| 00| 0 eng d
024 _a53382
037 _cTextual
040 _aSDCL
_cSDCL
_beng
041 _2eng
_aeng
082 _aO152,2M89:g, M9
100 _aSharma Jagan Nath
_9401128
245 0 _aPrasad ke natakon ka shastriya addhyayan
260 _aNew Delhi
_bVani Publications
_c1989
300 _a188p
_ccm.
942 _hO152,2M89:g, M9
_cTEXL
_2CC
999 _c717001
_d717001